Cargando…

Histoire et patrimoine. Pistes de recherche et de mise en valeur /

L'histoire et les etudes patrimoniales ont pendant longtemps evolue en parallele. Mais, depuis quelques annees, les collaborations et les echanges se sont accrus. C'est ce dont temoigne cet ouvrage dans lequel la relation entre histoire et patrimoine est exploree sous divers angles. On y m...

Descripción completa

Detalles Bibliográficos
Clasificación:Libro Electrónico
Otros Autores: Linteau, Paul Andre (Editor ), Burgess, Joanne, 1952- (Editor )
Formato: Electrónico eBook
Idioma:Francés
Publicado: Baltimore, Maryland : Project Muse, 2019
Colección:Chaire Fernand-Dumont sur la culture (Series)
Book collections on Project MUSE.
Temas:
Acceso en línea:Texto completo

MARC

LEADER 00000cam a22000004a 4500
001 musev2_68172
003 MdBmJHUP
005 20230905051033.0
006 m o d
007 cr||||||||nn|n
008 191203s2019 quc o 00 0 fre d
020 |a 9782763743301 
020 |z 9782763743295 
035 |a (OCoLC)1108515704 
040 |a MdBmJHUP  |c MdBmJHUP 
043 |a n-cn-qu 
050 4 |a LB1582.C2  |b H57 2019 
082 0 |a 372.89  |2 23 
245 0 0 |a Histoire et patrimoine. Pistes de recherche et de mise en valeur /   |c sous la direction de Joanne Burgess et Paul-Andre Linteau. 
264 1 |a Baltimore, Maryland :  |b Project Muse,  |c 2019 
264 3 |a Baltimore, Md. :  |b Project MUSE,   |c 2019 
264 4 |c ©2019 
300 |a 1 online resource (246 pages):   |b illustrations (some color), color maps. 
336 |a text  |b txt  |2 rdacontent 
337 |a computer  |b c  |2 rdamedia 
338 |a online resource  |b cr  |2 rdacarrier 
490 0 |a Chaire Fernand-Dumont sur la culture 
500 |a Issued as part of book collections on Project MUSE. 
504 |a Includes bibliographical references. 
505 0 |a Presentation / Joanne Burgess et Paul-Andre Linteau -- partie 1. Recherche et mediation. L'appropriation du patrimoine archeologique du Quebec / Pierre Desrosiers et Sophie Limoges -- partie 2. Histoire locale et patrimoine de proximite, des voies d'acces au passe. La rue montrealaise, miroir de la ville / Paul-Andre Linteau -- Les "villages" de Montreal, ou la metropole comme communaute de communautes : reflexions sur l'utilisation de la notion de quartier en histoire urbaine / Harold Berube -- Le patrimoine de proximite dans les regions du Quebec : une perspective historique / Fernand Harvey -- partie 3. Les echanges, histoire et patrimoine. L'empire du commerce montrealais : acteurs, territoires et patrimoines / Joanne Burgess et Michelle Comeau -- Connaître et valoriser le patrimoine portuaire de Montreal : un chantier inacheve / Alain Gelly -- partie 4. Numerique, histoire et patrimoine : enjeux et perspectives. Le recours aux technologies numeriques pour l'etude de contenus à caractere historique et archeologique : l'exemple du site de l'ancien marche Sainte-Anne et du Parlement de la province du Canada / Nathalie Charbonneau et Anna Thirion -- Technologies numeriques 3D et patrimoine, quels enjeux pour demain? / Robert Vergnieux -- Prendre le tournant spatial en histoire : le Laboratoire d'histoire et de patrimoine de Montreal et le Systeme de cartographie de l'histoire de Montreal (SCHEMA) / Leon Robichaud. 
506 |a Access restricted to authorized users and institutions. 
520 |a L'histoire et les etudes patrimoniales ont pendant longtemps evolue en parallele. Mais, depuis quelques annees, les collaborations et les echanges se sont accrus. C'est ce dont temoigne cet ouvrage dans lequel la relation entre histoire et patrimoine est exploree sous divers angles. On y met en lumiere les apports originaux de travaux recents et on y esquisse des pistes de recherche. En outre, l'appropriation et la diffusion des resultats et les enjeux de la mise en valeur reçoivent une attention particuliere. Ce livre est aussi l'occasion de souligner la contribution majeure du Laboratoire d'histoire et de patrimoine de Montreal, une equipe de recherche en partenariat, creee à l'Universite du Quebec à Montreal en 2006. Plusieurs articles illustrent l'apport de ses membres et partenaires à ce rapprochement entre histoire et patrimoine. 
588 |a Description based on print version record. 
610 2 0 |a Universite du Quebec à Montreal.  |b Laboratoire d'histoire et de patrimoine de Montreal. 
650 0 |a History  |x Social aspects  |z Quebec (Province) 
650 0 |a Cultural property  |x Research  |z Quebec (Province) 
651 0 |a Montreal (Quebec)  |x History. 
651 0 |a Quebec (Quebec)  |x History. 
655 7 |a Electronic books.   |2 local 
700 1 |a Linteau, Paul Andre,  |e editor. 
700 1 |a Burgess, Joanne,  |d 1952-  |e editor. 
710 2 |a Project Muse,  |e distributor. 
776 1 8 |i Print version:  |z 9782763743295 
710 2 |a Project Muse.  |e distributor 
830 0 |a Chaire Fernand-Dumont sur la culture (Series) 
830 0 |a Book collections on Project MUSE. 
856 4 0 |z Texto completo  |u https://projectmuse.uam.elogim.com/book/68172/ 
945 |a Project MUSE - Custom Collection 
945 |a Project MUSE - 2019 Complete 
945 |a Project MUSE - 2019 Archaeology and Anthropology